Which one is Bigger of These two Countries - Statistics

General Stats
  • This quiz has been taken 71 times
  • The average score is 11 of 15
Answer Stats
Question Answer % Correct
Which one is Bigger? France
100%
Which one is Bigger? Kazakhstan
100%
Which one is Bigger? Mauritania
83%
Which one is Bigger? Seychelles
83%
Which one is Bigger? Thailand
83%
Which one is Bigger? Chad
67%
Which one is Bigger? Lesotho
67%
Which one is Bigger? Nicaragua
67%
Which one is Bigger? Poland
67%
Which one is Bigger? Saudi Arabia
67%
Which one is Bigger? Sudan
67%
Which one is Bigger? Burundi
50%
Which one is Bigger? Dominica
50%
Which one is Bigger? Suriname
50%
Which one is Bigger? Tanzania
50%
No matching quizzes found
Score Distribution
Percent of People with Each Score
Percentile by Number Answered
Your Score History
You have not taken this quiz